| 000 | 00642nam a2200145Ia 4500 | ||
|---|---|---|---|
| 008 | 250506s9999 xx 000 0 und d | ||
| 024 | _a08B-172-Ee, 08B-176-EE, 08B-171-EE, 07A-121-EE & 08B-181-EE | ||
| 082 | _a668.4120272 MUH | ||
| 100 | _aMuhammad Abdul Omer, Faiq Ahmed Khan, Nabeel Ahmed Qureshi, Syed Shan-ul-Haq & Aisha Ambreen Ansari | ||
| 245 | 0 | _aAutomation of Blow Bottle Molding Machine VIA PLC | |
| 260 |
_aKarachi: _bUIT, _c2008 |
||
| 600 | _aElectronic Engineering | ||
| 650 | _aBachelor of Engineering (BE) | ||
| 856 |
_uhttps://drive.google.com/file/d/1ALB-VmO_frADJXiKvz4BizHiYios6S1Z/view?usp=sharing _yClick here for PDF |
||
| 999 |
_c27971 _d27971 |
||